000
00312nam a2200133Ia 4500
005
20260326100032.0
008
260326s9999||||xx |||||||||||||| ||und||
100
_a
Bawden, Edward
245
0
_a
Design /
_c
Edward Bawden
260
_b
Antique Collectors
300
_a
64 p.
650
_a
DISEÑADORES
942
_c
BK
999
_c
6660
_d
6660